000 00526cam a22001337a 4500
008 180718b1998 xxu||||| |||| 00| 0 eng d
082 _aQ39x54 M277/6
245 _aMulti-disaster state response strategy
_cby Emergency Earthquake Rehabilition Progamme, Maharashtra
260 _aMumbai
_bEmergency Earthquake Rehabilition Progamme
_c1998
300 _a69p.
500 _aMaharashtra Disaster management Plan
650 _aDisaster management Plan-Maharashtra
700 _aMaharashtra. Emergency Earthquake Rehabilition Progamme
999 _c433004
_d433004